| 000 | 00979nam a22002297a 4500 | ||
|---|---|---|---|
| 008 | 230118s2022 xxk|||||o|||| 00| 0 eng d | ||
| 041 | _aeng | ||
| 110 | _aRoyal Institution of Chartered Surveyors | ||
| 245 |
_aRight to light _bA clear impartial guide _h[Electronic resource] |
||
| 260 |
_aLondon, _bRoyal Institution of Chartered Surveyors, _c18 April 2022 |
||
| 300 | _a10p. | ||
| 490 | _aRICS Consumer Guide | ||
| 520 | _aThis guide is aimed at the homeowner to assist them on whether or not their right to light is being affected, and if you think it is, what can be done about it. | ||
| 650 | _aRights of light | ||
| 650 | _aBoundary disputes | ||
| 651 | _aUnited Kingdom | ||
| 690 |
_96266 _aResidential property |
||
| 690 |
_96221 _aBoundary disputes |
||
| 710 | _aRoyal Institution of Chartered Surveyors | ||
| 856 |
_uhttps://www.ricsfirms.com/media/1296/right-to-light-consumer-guide-2022.pdf _zAvailable on rics.org/consumerguides |
||
| 942 | _n0 | ||
| 999 |
_c121320 _d121320 |
||